European Competitions Top 5 Scorers: 2019/20 - Statistics

General Stats
  • This quiz has been taken 7 times
  • The average score is 10 of 15
Answer Stats
Competition Goals Club Nationality Player % Correct
Europa League 8 Sporting/Manchester United Portugal Bruno Fernandes
100%
Champions League 10 RB Salzburg/Borussia Dortmund Norway Erling Haaland
100%
Champions League 6 Tottenham England Harry Kane
100%
Champions League 6 Lyon Netherlands Memphis Depay
100%
Champions League 15 Bayern Munich Poland Robert Lewandowski
100%
Champions League 6 Manchester City Brazil Gabriel Jesus
83%
Europa League 7 Inter Belgium Romelu Lukaku
83%
Champions League 9 Bayern Munich Germany Serge Gnabry
83%
Champions League 6 Napoli Belgium Dries Mertens
67%
Champions League 6 Manchester City England Raheem Sterling
67%
Europa League 6 Eintracht Frankfurt Japan Daichi Kamada
50%
Europa League 6 Wolves Portugal Diogo Jota
50%
Europa League 6 Rangers Colombia Alfredo Morelos
33%
Europa League 6 Slovan Bratislava/Sporting Slovenia Andraz Sporar
0%
Europa League 6 Istanbul Basaksehir Bosnia and Herzegovina Edin Visca
0%
No matching quizzes found
Score Distribution
Percent of People with Each Score
Percentile by Number Answered
Your Score History
You have not taken this quiz